[Event "Florianopolis op 4th"]
[Site "Florianopolis"]
[Date "2018.01.22"]
[Round "5"]
[White "Ferraz, Dimitri Vinicius da"]
[Black "Marques Junior, Marcos Antonio"]
[Result "0-1"]
[WhiteElo "1307"]
[BlackElo "1849"]
[PlyCount "60"]
[EventDate "2018.01.19"]
[EventType "swiss"]
[EventRounds "10"]
[EventCountry "BRA"]
[SourceTitle "EXT 2019"]
[Source "ChessBase"]
[SourceDate "2018.10.10"]
[SourceVersion "1"]
[SourceVersionDate "2018.10.10"]
[SourceQuality "1"]

1. d4 Nf6 2. c4 e6 3. Nc3 Bb4 4. Nf3 b6 5. Bg5 h6 6. Bh4 Bb7 7. e3 g5 8. Bg3 Ne4 9. Qc2 Bxc3+ 10. bxc3 d6 11. Bd3 f5 12. h4 g4 13. Nd2 Nxg3 14. fxg3 Bxg2 15. 0-0-0 Bxh1 16. Rxh1 Nd7 17. e4 f4 18. gxf4 e5 19. dxe5 dxe5 20. f5 Nc5 21. Be2 h5 22. Nb3 Nxb3+ 23. Qxb3 Qe7 24. Qb5+ Kf7 25. Qd5+ Kf6 26. Qc6+ Qd6 27. Qa4 Rhd8 28. Rd1 Qc5 29. Rxd8 Rxd8 30. Qxa7 Qe3+ 0-1

[Event "Curitiba IEP&Copel op"]
[Site "Curitiba"]
[Date "2017.05.13"]
[Round "3"]
[White "Feller, Gabriela Luisa Vice"]
[Black "Ferraz, Dimitri Vinicius da"]
[Result "1-0"]
[WhiteElo "1572"]
[BlackElo "1800"]
[PlyCount "53"]
[EventDate "2017.05.12"]
[EventType "swiss"]
[EventRounds "6"]
[EventCountry "BRA"]
[SourceTitle "CBM 178 Extra"]
[Source "ChessBase"]
[SourceDate "2017.06.22"]
[SourceVersion "1"]
[SourceVersionDate "2017.06.22"]
[SourceQuality "1"]

1. d4 d5 2. c4 e6 3. Nc3 Nf6 4. Nf3 Be7 5. e3 0-0 6. Bd3 Nbd7 7. 0-0 b6 8. b3 Bb7 9. Bb2 dxc4 10. bxc4 Bxf3 11. Qxf3 Rb8 12. a4 c5 13. Nb5 cxd4 14. exd4 a5 15. Na7 Qc7 16. Nc6 Bd6 17. Nxb8 Qxb8 18. Qh3 e5 19. Rfe1 exd4 20. Bxd4 Bc5 21. Be3 Bxe3 22. Rxe3 Nc5 23. Bf5 h6 24. Rg3 Rd8 25. Qh4 h5 26. Qxf6 Qxg3 27. Qxd8# 1-0

[Event "Curitiba Sul Region-ch"]
[Site "Curitiba"]
[Date "2017.04.15"]
[Round "4"]
[White "Ferraz, Dimitri Vinicius da"]
[Black "Carvalho, Isis"]
[Result "1-0"]
[WhiteElo "1800"]
[BlackElo "1778"]
[PlyCount "129"]
[EventDate "2017.04.14"]
[EventType "swiss"]
[EventRounds "6"]
[EventCountry "BRA"]
[SourceTitle "CBM 178 Extra"]
[Source "ChessBase"]
[SourceDate "2017.06.22"]
[SourceVersion "1"]
[SourceVersionDate "2017.06.22"]
[SourceQuality "1"]

1. d4 Nf6 2. c4 g6 3. Nc3 Bg7 4. e3 0-0 5. Nf3 d6 6. Bd3 e5 7. 0-0 Re8 8. b3 e4 9. Be2 exf3 10. Bxf3 Bf5 11. Bxb7 Ne4 12. Na4 Nd7 13. Bxa8 Qxa8 14. f3 Nef6 15. e4 Nxe4 16. fxe4 Qxe4 17. Bb2 Qh4 18. Re1 Rf8 19. Re2 c5 20. Qe1 Qh5 21. Re8 cxd4 22. Rxf8+ Nxf8 23. Qe8 Bd7 24. Qa8 Bxa4 25. bxa4 Qc5 26. Rd1 d3+ 27. Kf1 Bxb2 28. Rb1 Qxc4 29. Qf3 d2+ 30. Kf2 Bd4+ 31. Kg3 Qc2 32. Rd1 Qc1 33. Qb3 Be5+ 34. Kf3 Qc6+ 35. Ke2 Qxg2+ 36. Ke3 Qxh2 37. Kd3 Qh3+ 38. Kc2 Qf5+ 39. Kxd2 Qf2+ 40. Kc1 Qc5+ 41. Kb1 d5 42. Rc1 Qd4 43. Kc2 Qc4+ 44. Kb1 Bf6 45. Rxc4 dxc4 46. Qxc4 Nd7 47. Qd5 Nb6 48. Qc5 Nxa4 49. Qxa7 Nc3+ 50. Kc2 Ne2 51. Qf2 Nd4+ 52. Kd3 Kg7 53. a4 Nc6 54. Qb6 Ne5+ 55. Ke2 Nc4 56. Qb8 h5 57. Qb3 Ne5 58. a5 h4 59. a6 h3 60. Qb1 Nc6 61. Qc1 Na7 62. Qc7 Nb5 63. Qb6 Nd4+ 64. Ke3 Nf5+ 65. Kd3 1-0